000
00344nam a2200145Ia 4500
003
OSt
005
20231221092742.0
008
170524s9999 xx 000 0 und d
020
_a
0070648115
040
_c
IIMT UNIVERSITY
100
_a
Taub
245
0
_a
Taub's Principles of Communication Systems
260
_b
TMH New Delhi
942
_2
ddc
_c
02
999
_c
4915
_d
4915